00446pam a2200169a 44500008004100000020002700041082001600068100002100084245005100105250001200156260003200168300001000200700001800210700001800228906001100246999001900257230405s2011 xxu||||| |||| 00| 0 eng d a8184489501cRs. 766.50 a618.92bCHO aChowdhury, Panna aPrinciples of Pediatric & Neonatal Emergencies a3rd Ed. aNew DelhibJaypee Pubc2011 a786 p aChugh, Krishn aBagga, Arvind a000617 c249379d249379